Statystyki dla Wszyscy bohaterowie Wsparcia w Overwatch 2

Kliknij tutaj aby rozwiązać quiz!

Ogólne statystyki

  • Ten quiz został rozwiązany 30 razy
  • Średni wynik to 7 z 8

Statystyki odpowiedzi

Bohater% Poprawnych
Baptiste
94%
Kiriko
94%
Łaska
94%
Lucio
94%
Ana
88%
Brigitte
88%
Zenyatta
88%
Moira
82%

Rozkład punktacji

Percentyl według liczby udzielonych odpowiedzi

Procent ludzi z każdym wynikiem

Twoja historia wyników

Nie rozwiązałeś tego quizu